MDQL
is popping MORE tags! Check the
thread
!
Quizzes
Events
Quiz Creation
Community
Videos
Private Events
Remove Ads
Sign In
Join for FREE
Feedback
Dark Mode
Quiz Categories
Sports
Geography
Music
Movies
Television
Just For Fun
Miscellaneous
History
Literature
Language
Science
Gaming
Entertainment
Religion
Holiday
For Kids
Quiz Lab
Recent
Popular Today
Quiz Kudos Today
Editor Picks
Curator Picks
Quizzes by...
Day
Popularity
Type
Ratings
Length
Year
Community
Subscriptions
Recent Discussions
Orange Saloon
Badges
Playlists
Quests
Create
Leaderboards
Showdown
Live 5
Trivia Bingo
Activity
Puzzle Library
Sporcle Events
Private Events
Virtual Trivia
Globe League
Become a Host
Pub Owners
SporcleCon
Opinionation
Our Games
Videos
Blog
Mobile Apps
Partnerships
Remove Ads and Go Orange
Feedback
Geography
Country
Landmarks
City
State
Population
World
Capital
Continent
Flags
Europe
Africa
Asia
South America
North America
Oceania
Border
Canada
United Kingdom
Topography
United States
Geography
Country
Landmarks
City
State
Population
World
Capital
Continent
Flags
Europe
Africa
Asia
South America
North America
Oceania
Border
Canada
United Kingdom
Topography
United States
Random Quiz
Search Sporcle
×
Quiz Lab
Quiz Lab
Geography
kan
Type in answers that appear in a list
Type in answers that appear in a list
Classic
Best Score? Go Orange.
2. Indre krefter I - 2023-24 Stats
Kan du dei indre kreftene?
By
LektorRise
20m
27 Questions
536 Plays
536 Plays
536 Plays
Comments
Comments
Give Quiz Kudos
Give Quiz Kudos
-
- Ratings
hide this ad
Forced Order
Answers have to be entered in order
Answers have to be entered in order
Random Order
Randomize order of answers
Randomize order of answers
Replay
Link that replays current quiz
Next Quiz
Link to next quiz in quiz playlist
You Got
0%
They Got
Avg Score
53%
Avg Friend Score
Upgrade to see
Score Distribution
Jump to the score distribution portion of the page
Score
0/27
Timer
20:00
0
Plays Today
Hint
Svar
% Correct
Kva er jordkjerna laga av hovudsakleg?
Jern
87.5%
Kor mange litosfæreplater trur ein at vi har i dag?
15
87.5%
Kva kallast det gamle superkontinentet som bestod av alt land på ein stad?
Pangea
85.1%
Kva kallast teorien om at det er vekta av plata sjølv som dreg med seg resten av plata, som driv platerørslene?
Trekke-teorien
81.3%
Kva kallast den delen av jorda som består av jordskorpa og dei 100 øvste km av mantelen?
Litosfæra
80.2%
Kven var først ute til å lansere ein teori om at kontinenta flyttar på seg?
Alfred Wegener
80.2%
Kva kallast det yttarste laget på jordkloda?
Jordskorpa
79.8%
Kva fagnamn har det flytande stoffet som mantelen består av?
Magma
79.6%
Kva vert danna når to kontinentplater støyter saman?
Fjellkjeder
78.9%
Kor lang flyttar litosfæreplatene på Jorda seg på eit år?
2-6 cm
78.1%
Kva kallast det når berg og stein vert gnege ned av krefter utanfrå?
Erosjon
78.1%
Hawaii er danna av eit fenomen der magma lek frå havbotnen og lagar øyar. Kva kallast det?
Søylestraum eller Hotspot
77.1%
Kva kallast laget i jorda som ligg frå 100 km til 2900 kms djupne?
Mantelen
76.9%
Kva kallast den delen av den øvre mantelen rett under litosfæra, som er seig?
Astenosfæra
76.9%
Hint
Svar
% Correct
Kva kallast den første teorien om at kontinenta flytta på seg?
Kontinentaldriftteorien
75.7%
Kva kallast dei djupe stadane i verdshava nær plategrensene?
Djuphavsgroper
75.3%
Kva kallast det at havbotnplater glir frå kvarandre?
Havbotnspreiing
74.4%
Kva kallast den siste teorien, der plater er eit stort stykke av jordoverflata, og flyttar seg som sjølvstendige einingar?
Platedriftteorien
74%
Kva kallast den lange prosessen som gjer at bergartane er innom alle typane bergartar?
Bergartskrinslaupet
74%
Kva vert danna når to plater glir langs kvarandre?
Forkastningar
73.8%
Kva land stor øy har vore laga at eit magmakammer (søylestraum) presser den over havoverflata?
Island
72.8%
Kva kallast kreftene som settast i gang av varmeutveksling inne i Jorda, som driv platerørslene?
Konveksjonsstraumar
71.9%
Kva kallast områda på havbotnen der magmaen kjem til overflata og startar platerørslene?
Midthavsryggane
71.2%
Kva består mantelen hovudsakleg av?
Smelta stein
71%
Kva bevis hadde Wegener for rørsla til kontinenta?
Kystlinjer og fossilar
68.8%
Kvifor slo ikkje teorien til Wegener an?
Kunne ikkje forklare kvifor
68.8%
Kva kallast det når berg og stein smuldrar opp?
Forvitring
68.8%
Quiz Playlist
Details
Report
Send in Message
Add To Playlist
Classic:
Type in answers that appear in a list
Forced Order:
Answers have to be entered in order
Random Order:
Randomize order of answers
Last Updated: Jun 8, 2023
Quiz Scoreboard
CHALLENGE
Sign Up to Join the Scoreboard
Show All
Scores
Hide
Comments
May contain spoilers
Recently Published
Colored Red Africa Blitz
by spor1
Geography
30s
Find the 'City' Movie
by crazypaving
Movies
60s
5x2 Blitz: Bands
by SL_Kpop136
Music
30s
More to Explore
Quiz From the Vault
Featured Blog Post
14 Easter Pick-up Lines to Find Eggs With
hide this ad
You Might Also Like...
Tags
kan
Svar
Today's Top Quizzes in Geography
Browse Geography
hide this ad
Top Contributed Quizzes in Geography
1
Colored Red Europe Blitz I
2
Countries of the World - No Outlines Minefield
3
Colored Red Africa Blitz II
4
Colored Red Europe Blitz II
5
Colored Red Europe Blitz III
6
Colored Red Africa Blitz III
7
Colored Red States Blitz I
8
Colored Red States Blitz II
9
Lietuvos savivaldybės (Lithuanian Municipalities)
10
A Different View: World Oceans
Explore More
Trending Topics
Disney
Kpop
Marvel
Harry Potter
NBA
Anime
Crossword
Puzzle
NFL
The Office
WWE
Pokémon
Soccer
Song
Country
hide this ad
More By:
LektorRise
Quiz
Plays
Rating
Category
Featured
Created
Gresk antikk (klikking)
1,512
History
May 22, 2015
3. Ytre krefter (klikking) - 2023-24
1,079
Geography
Oct 17, 2018
Opplysningstid og den amerikanske revolusjon
1,053
History
Oct 19, 2012
Franske revolusjon
980
History
Oct 24, 2012
Den kalde krigen I
978
2.00
History
Mar 18, 2013
Go to Creator's Profile
Score Distribution
Quiz Creator Spotlight
LektorRise
Follow
Send a Message
Quizzes Created
-
Created Quiz Play Count
-
More By This Creator
Popular Quizzes Today
1
Colored Red Africa Blitz
2
Find the 'City' Movie
3
5x2 Blitz: Bands
4
Find the US States - No Outlines Minefield
5
The Countries of the World
6
Find the US States
7
US States
8
Find the Countries of Europe - No Outlines Minefield
More Geography Quizzes
Tajikistan 10-to-1
Quiz Lab
Trending Quizzes
Colored Red Europe Blitz I
Colored Red Europe Blitz II
Colored Red Africa Blitz II
Colored Red Europe Blitz III
Colored Red Africa Blitz III
Recently Updated
How Do You Spell That?
pecheneg
Godzilla Movies
pecheneg
Grab Bag: 4-10 Letters
pecheneg
2024 March Madness Bracket
pecheneg
Famous TV Couples
Peacemaker
Champions League XIs: Real Madrid
pecheneg
Largest US Cities 1790-2010
pecheneg
Rides in Walt Disney World
pecheneg
Most Oscar Losses (Acting)
pecheneg
Beyoncé Albums
pecheneg
Trending Topics
Harry Potter
Disney
Kpop
Anime
Marvel
NBA
Crossword
Soccer
Puzzle
WWE
The Office
Pokémon
Song
Country
NFL
Your Account Isn't Verified!
In order to create a playlist on Sporcle, you need to verify the email address you used during registration. Go to your
Sporcle Settings
to finish the process.
Report this User
Report this user for behavior that violates our
Community Guidelines
.
Details:
Send Report
Go to the Sporcle.com Mobile Site →
Comments